|
|
|
|
| LEADER |
00000nam0a2200000 4500 |
| 001 |
270397 |
| 005 |
20231101234336.0 |
| 035 |
|
|
|a (RuTPU)RU\TPU\book\293578
|
| 090 |
|
|
|a 270397
|
| 100 |
|
|
|a 20140926d1987 m y0rusy50 ca
|
| 101 |
0 |
|
|a rus
|
| 102 |
|
|
|a UA
|
| 105 |
|
|
|a a j 001zy
|
| 200 |
1 |
|
|a Основы автоматизированного проектирования электронных приборов
|e учебное пособие
|f С. В. Денбновецкий, Л. Д. Писаренко, В. К. Резниченко
|
| 210 |
|
|
|a Киев
|c Вища школа
|d 1987
|
| 215 |
|
|
|a 336 с.
|c ил.
|
| 320 |
|
|
|a Библиогр.: с. 332-334
|
| 320 |
|
|
|a Предметный указатель: с. 335
|
| 606 |
1 |
|
|a Электронные приборы
|x Проектирование
|x Автоматизация
|2 stltpush
|3 (RuTPU)RU\TPU\subj\20463
|9 45564
|
| 610 |
1 |
|
|a сравнительный анализ
|
| 610 |
1 |
|
|a техническое обеспечение
|
| 610 |
1 |
|
|a математическое обеспечение
|
| 610 |
1 |
|
|a лингвистическое обеспечение
|
| 610 |
1 |
|
|a программное обеспечение
|
| 610 |
1 |
|
|a моделирование
|
| 610 |
1 |
|
|a учебные пособия
|
| 675 |
|
|
|a 621.38.001(075.8)
|v 3
|
| 700 |
|
1 |
|a Денбновецкий
|b С. В.
|g Станислав Владимирович
|
| 701 |
|
1 |
|a Писаренко
|b Л. Д.
|g Леонид Дмитриевич
|
| 701 |
|
1 |
|a Резниченко
|b В. К.
|g Виктор Константинович
|
| 801 |
|
1 |
|a RU
|b 63413507
|c 20140926
|
| 801 |
|
2 |
|a RU
|b 63413507
|c 20170307
|g RCR
|
| 942 |
|
|
|c BK
|